000 00482nam a2200181Ia 4500
005 20250508150925.0
008 008 250505s9999 xx 000 0 hin d
037 _aTextual
040 _aFEDL
_beng
_cFEDL
041 _ahin
_2hin
084 _a891.431, DWI
_qFEDL
100 _aDwivedi Sohanlal
_9393304
245 0 _aKunal
260 _aAllahabad, India
_bIndian Press Limited
300 _a128p.
942 _cTEXL
_h891.431, DWI
999 _c1326503
_d1326503